[Event "4th Kolkata Open"]
[Site "Kolkata IND"]
[Date "2009.09.08"]
[Round "8"]
[White "Himanshu,Sh"]
[Black "Gopal,G"]
[Result "0-1"]
[WhiteElo "2471"]
[BlackElo "2598"]
[EventDate "2009.09.01"]

1. e4 c5 2. Nc3 d6 3. g3 Nc6 4. Bg2 g6 5. d3 Bg7 6. f4 e6 7. Nf3 Nge7 8.
O-O O-O 9. Be3 b6 10. Bf2 Rb8 11. Qd2 e5 12. Rae1 f6 13. Nh4 Nd4 14. Kh1
Kh8 15. Nd1 f5 16. c3 Ndc6 17. exf5 gxf5 18. Be3 Ba6 19. Rg1 Qd7 20. Nf2
Bb7 21. Nh3 Ng6 22. Nf3 Rbe8 23. b4 cxb4 24. cxb4 Nce7 25. fxe5 dxe5 26.
Bh6 Nd5 27. Bxg7+ Qxg7 28. a3 e4 29. dxe4 fxe4 30. Nfg5 e3 31. Qa2 Nc3 32.
Qc4 e2 33. Nf4 Nxf4 34. gxf4 b5 35. Qd3 Rxf4 36. Qg3 Ref8 37. Ne6 Bxg2+ 38.
Qxg2 Qxg2+ 39. Kxg2 Rf2+ 40. Kh1 R8f6 41. Nd4 Rd6 42. Rc1 Rh6 43. Rg2 Rf1+
44. Rg1 Rxc1 45. Rxc1 Rd6 46. Nxe2 Nxe2 47. Rc8+ Kg7 48. Rc7+ Kh6 49. Rxa7
Rg6 50. h3 Rg3 51. Kh2 Rb3 52. a4 bxa4 53. Rxa4 Nf4 54. b5 Kg5 55. Ra7 h5
56. Rg7+ Kh4 57. Rf7 Rb2+ 58. Kh1 Kxh3 59. Kg1 Ne2+ 0-1

[Event "4th Kolkata Open"]
[Site "Kolkata IND"]
[Date "2009.09.08"]
[Round "8"]
[White "Gagunashvili,M"]
[Black "Konguvel,P"]
[Result "1-0"]
[WhiteElo "2564"]
[BlackElo "2440"]
[EventDate "2009.09.01"]

1. d4 Nf6 2. c4 g6 3. Nf3 Bg7 4. g3 d5 5. cxd5 Nxd5 6. Bg2 Nb6 7. Nc3 Nc6
8. e3 O-O 9. O-O Re8 10. Re1 a5 11. Ng5 e5 12. d5 Qxg5 13. dxc6 Rd8 14. Qc2
bxc6 15. Bxc6 Rb8 16. b3 Ba6 17. e4 Qh5 18. Nd5 Nxd5 19. Bxd5 c6 20. Bc4
Bxc4 21. Qxc4 Bf8 22. Be3 Bb4 23. Rf1 Qf3 24. Qc2 h5 25. h4 Be7 26. Rfd1
Rxd1+ 27. Rxd1 Rb4 28. Rd3 Rxe4 29. Qxc6 Bxh4 30. Qe8+ Kh7 31. Rd7 Kg7 32.
gxh4 Rxe3 33. Rxf7+ Qxf7 34. Qxf7+ Kxf7 35. fxe3 g5 36. hxg5 Kg6 37. Kg2
Kxg5 38. a3 Kf5 39. Kf3 Ke6 40. Kg3 Kd5 41. Kh4 Ke4 42. b4 axb4 43. axb4
1-0

[Event "4th Kolkata Open"]
[Site "Kolkata IND"]
[Date "2009.09.08"]
[Round "8"]
[White "Guseinov,G"]
[Black "Sethuraman,S"]
[Result "1-0"]
[WhiteElo "2667"]
[BlackElo "2443"]
[EventDate "2009.09.01"]

1. e4 e5 2. Nf3 Nc6 3. Bb5 a6 4. Bxc6 dxc6 5. O-O f6 6. d4 Bg4 7. dxe5 Qxd1
8. Rxd1 fxe5 9. Rd3 Bd6 10. Nbd2 b5 11. b3 Ne7 12. Bb2 Ng6 13. g3 O-O 14.
Kg2 Rae8 15. Ng1 Bc5 16. f3 Rd8 17. Rxd8 Rxd8 18. Bc3 Bc8 19. Nf1 h5 20. h4
Rf8 21. Ne2 Bg4 22. Nh2 Be6 23. Ba5 Rd8 24. Nf1 Rd7 25. Be1 Ba3 26. Ne3 Bc5
27. Nf1 Ba3 28. Rb1 c5 29. Ne3 Bb4 30. Bxb4 cxb4 31. Ra1 Ne7 32. a3 Nc6 33.
Kf2 bxa3 34. Rxa3 Nb4 35. Ke1 Rf7 36. Ng1 Rd7 37. Ra1 c5 38. Ne2 c4 39.
bxc4 Bxc4 40. Nc1 Kf7 41. Ra3 Be6 42. Ke2 Rd6 43. c3 Nc6 44. Nd3 a5 45. Ra1
b4 46. cxb4 axb4 47. f4 Nd4+ 48. Kf2 Nc6 49. Ra6 Rxd3 50. Rxc6 Bg4 51. Nc4
Rf3+ 52. Kg2 Rc3 53. Nxe5+ Kf8 54. Rxc3 bxc3 55. Kf2 c2 56. Nd3 Bc8 57. Ke3
Bb7 58. e5 Ba6 59. Nc1 Ke7 60. Kd2 Ke6 61. Kxc2 Kf5 62. Kd2 Kg4 63. Ne2 Kf3
64. Nd4+ Kxg3 65. Ke3 Kxh4 66. Nf5+ Kg4 67. Nd6 h4 68. e6 h3 69. e7 h2 70.
e8=Q h1=Q 71. Qg6+ Kh3 72. Qh7+ Kg2 73. Qxg7+ Kh2 74. Qh7+ Kg1 75. Qxh1+
Kxh1 76. f5 1-0

[Event "4th Kolkata Open"]
[Site "Kolkata IND"]
[Date "2009.09.09"]
[Round "9"]
[White "Filippov,An UZB"]
[Black "Le Quang Liem"]
[Result "0-1"]
[WhiteElo "2595"]
[BlackElo "2602"]
[EventDate "2009.09.01"]

1. e4 c6 2. Nc3 d5 3. Nf3 Bg4 4. h3 Bxf3 5. Qxf3 Nf6 6. Be2 e6 7. a3 Bc5 8.
d3 Nbd7 9. O-O O-O 10. Re1 Ne5 11. Qg3 Ng6 12. Bf1 Bb6 13. Nb1 Bc7 14. Qf3
h5 15. exd5 exd5 16. Bg5 h4 17. Bxf6 gxf6 18. g3 Qd6 19. Kh2 f5 20. Nc3
hxg3+ 21. fxg3 Nh4 22. Qf2 Bb6 23. Qe2 Kg7 24. Bg2 Rae8 25. Qd2 Ng6 26. Qg5
f4 27. gxf4 Be3 28. Kh1 Bxf4 29. Qf5 Qd8 30. Bf3 Qb6 31. Rg1 Be3 32. Na4
Qc7 33. Rg2 Re5 34. Qg4 Rg5 35. Qb4 Rh8 36. Bg4 d4 0-1

[Event "4th Kolkata Open"]
[Site "Kolkata IND"]
[Date "2009.09.09"]
[Round "9"]
[White "Aleksandrov,A"]
[Black "Safarli,E"]
[Result "1/2-1/2"]
[WhiteElo "2639"]
[BlackElo "2587"]
[EventDate "2009.09.01"]

1. d4 Nf6 2. c4 g6 3. Nc3 d5 4. Nf3 Bg7 5. Bf4 c6 6. e3 O-O 7. cxd5 Nxd5 8.
Nxd5 cxd5 9. Be2 Nc6 10. O-O Bf5 11. a3 Rc8 12. Rc1 a6 13. h3 h6 14. Bd3
Bxd3 15. Qxd3 Qb6 16. b4 e6 17. Rfd1 Rfd8 18. Bg3 Bf8 19. Bh4 Re8 20. Bg3
Red8 1/2-1/2

[Event "4th Kolkata Open"]
[Site "Kolkata IND"]
[Date "2009.09.09"]
[Round "9"]
[White "Ganguly,S"]
[Black "Khusnutdinov,R"]
[Result "1-0"]
[WhiteElo "2634"]
[BlackElo "2506"]
[EventDate "2009.09.01"]

1. e4 c5 2. Nf3 d6 3. d4 cxd4 4. Nxd4 Nf6 5. Nc3 a6 6. Be2 e5 7. Nb3 Be7 8.
O-O O-O 9. Kh1 Nc6 10. f4 b5 11. Bf3 Na5 12. Nxa5 Qxa5 13. a3 Bb7 14. Be3
Rac8 15. Qd2 Rfe8 16. Qf2 Qc7 17. Rad1 Bc6 18. b3 Kh8 19. Rfe1 Qb7 20. Bc1
Bf8 21. Bb2 a5 22. b4 axb4 23. axb4 Bd7 24. Nd5 Nxd5 25. exd5 exf4 26. Bd4
Bf5 27. c3 Qd7 28. Qh4 Bg6 29. Qxf4 Rxe1+ 30. Rxe1 Re8 31. Ra1 Kg8 32. Kg1
Qf5 33. Qxf5 Bxf5 34. Kf2 Bd3 35. Re1 Ra8 36. Be2 Bxe2 37. Kxe2 f5 38. Kd3
g6 39. c4 Ra3+ 40. Kc2 bxc4 41. b5 Ra8 42. b6 Rb8 43. Kc3 Bg7 44. Rb1 Bxd4+
45. Kxd4 Kf7 46. Kxc4 Ke7 47. Kb5 Kd7 48. Ra1 1-0

[Event "4th Kolkata Open"]
[Site "Kolkata IND"]
[Date "2009.09.09"]
[Round "9"]
[White "Laxman,R"]
[Black "Mamedov,Rau"]
[Result "1/2-1/2"]
[WhiteElo "2486"]
[BlackElo "2626"]
[EventDate "2009.09.01"]

1. Nf3 g6 2. e4 Bg7 3. d4 d6 4. Nc3 Nf6 5. Be2 O-O 6. O-O c6 7. a4 Qc7 8.
Bf4 Nbd7 9. e5 Nh5 10. exd6 exd6 11. Be3 d5 12. Qd2 Re8 13. Rfe1 Nf8 14.
Ng5 Nf6 15. Bf4 Qd8 16. Bd3 Ne6 17. Nxe6 Bxe6 18. Be5 a5 19. f3 Bf8 20. Ne2
Nd7 21. Bg3 Bg7 22. c3 Nf8 23. Nf4 1/2-1/2

[Event "4th Kolkata Open"]
[Site "Kolkata IND"]
[Date "2009.09.09"]
[Round "9"]
[White "Rahman,Zia"]
[Black "Tkachiev,V"]
[Result "1/2-1/2"]
[WhiteElo "2554"]
[BlackElo "2669"]
[EventDate "2009.09.01"]

1. d4 d5 2. Nf3 Nf6 3. e3 c5 4. c3 Qc7 5. dxc5 Qxc5 6. b4 Qc7 7. Bb2 Bg4 8.
h3 Bxf3 9. gxf3 g6 10. c4 dxc4 11. Na3 Bg7 12. Nxc4 O-O 13. Rc1 Rd8 14. Qb3
Nd5 15. Bg2 Bxb2 16. Qxb2 e6 17. f4 Qe7 18. a3 Nd7 19. O-O Rac8 20. Rfd1
N7f6 21. Ne5 Qe8 22. Ng4 Nxg4 23. hxg4 Rxc1 24. Rxc1 Qe7 25. g5 Rd7 26.
Rc8+ Rd8 27. Rxd8+ Qxd8 28. Qd4 a6 29. Kh2 Qd6 30. Kg3 Qc6 31. Qc5 Qd7 32.
Qd4 Qc6 33. Bf3 b6 34. Qd3 Qb7 35. Qc4 a5 36. b5 Qd7 37. Bxd5 exd5 38. Qc6
Qd8 39. Qc3 Qd7 40. a4 Qe7 41. Qd4 Qe6 42. f3 Kf8 43. Kf2 Ke7 44. Qh8 Qd6
45. Kg3 Qe6 1/2-1/2

[Event "4th Kolkata Open"]
[Site "Kolkata IND"]
[Date "2009.09.09"]
[Round "9"]
[White "Kunte,A"]
[Black "Guseinov,G"]
[Result "1/2-1/2"]
[WhiteElo "2515"]
[BlackElo "2667"]
[EventDate "2009.09.01"]

1. d4 Nf6 2. Nf3 g6 3. c4 Bg7 4. Nc3 O-O 5. e4 d6 6. Be2 Bg4 7. Be3 Nfd7 8.
Rc1 c5 9. d5 Na6 10. O-O Nc7 11. h3 Bxf3 12. Bxf3 a6 13. a4 Re8 14. Qd2 e6
15. dxe6 Nxe6 16. Qxd6 Nd4 17. Bg4 Ne5 18. Qxd8 Raxd8 19. Be2 Nxe2+ 20.
Nxe2 Nd3 21. Rc2 Nxb2 22. Rb1 Nxa4 23. Rxb7 Rxe4 24. Ra7 Be5 25. g3 Nb2 26.
Bxc5 Rc8 27. Ba3 Nxc4 28. Rxa6 Rd8 29. Ra4 Nxa3 30. Rxa3 1/2-1/2

[Event "4th Kolkata Open"]
[Site "Kolkata IND"]
[Date "2009.09.09"]
[Round "9"]
[White "Mchedlishvili,M"]
[Black "Deepan,C"]
[Result "1-0"]
[WhiteElo "2613"]
[BlackElo "2524"]
[EventDate "2009.09.01"]

1. d4 d5 2. c4 c6 3. Nf3 Nf6 4. Nc3 e6 5. Bg5 dxc4 6. e4 b5 7. e5 h6 8. Bh4
g5 9. Bg3 Nh5 10. a4 a6 11. Be2 Bb7 12. Nxg5 Nxg3 13. Nxf7 Kxf7 14. fxg3
Rh7 15. O-O+ Kg8 16. Bg4 Nd7 17. Bxe6+ Kh8 18. Qg4 Rg7 19. Qh3 Re7 20. Ne4
Bg7 21. Nd6 Nf8 22. Bg4 Nh7 23. Qh5 Bc8 24. Bxc8 Rxc8 25. Nxc8 Qxc8 26.
axb5 axb5 27. h4 c5 28. Qf3 Re8 29. d5 Bxe5 30. Ra7 Bd4+ 31. Kh1 Nf6 32.
Qf4 Qg4 33. Qxh6+ Kg8 34. d6 Nd7 35. Kh2 Be5 36. Rf3 Bg7 37. Qd2 Qe6 38.
Qg5 Qxd6 39. Qh5 Qe6 40. Ra6 Qe7 41. Qd5+ 1-0

[Event "4th Kolkata Open"]
[Site "Kolkata IND"]
[Date "2009.09.09"]
[Round "9"]
[White "Thejkumar,M"]
[Black "Gupta,Ab"]
[Result "0-1"]
[WhiteElo "2467"]
[BlackElo "2584"]
[EventDate "2009.09.01"]

1. d4 Nf6 2. c4 g6 3. Nc3 d5 4. h4 c5 5. dxc5 d4 6. Nb5 a6 7. Nxd4 e5 8.
Nc2 Qxd1+ 9. Kxd1 Nc6 10. g3 Ng4 11. Be3 Nxe3+ 12. Nxe3 Bxc5 13. Nd5 O-O
14. e3 Rd8 15. Bg2 Nb4 16. Ke2 Bg4+ 17. Bf3 Bf5 18. Nxb4 Bxb4 19. Bd5 Rac8
20. a3 Be7 21. Rd1 b5 22. e4 Bd7 23. b3 a5 24. Nf3 Bg4 25. Rd3 a4 26. Rb1
axb3 27. cxb5 Rc2+ 28. Kd1 Rxd5 29. exd5 Rxf2 30. Rbxb3 e4 31. Ke1 Rxf3 32.
Rxf3 exf3 33. Rc3 Bd8 34. Rc6 Bd7 35. d6 Kg7 36. Kf2 Kf6 37. a4 Bxc6 38.
bxc6 Bb6+ 39. Kxf3 Ke6 40. c7 Kd7 41. Ke4 f5+ 42. Kd5 0-1

[Event "4th Kolkata Open"]
[Site "Kolkata IND"]
[Date "2009.09.09"]
[Round "9"]
[White "Hillarp Persson,T"]
[Black "Das,Say"]
[Result "1-0"]
[WhiteElo "2577"]
[BlackElo "2235"]
[EventDate "2009.09.01"]

1. g3 d5 2. Bg2 Nf6 3. Nf3 c6 4. c4 e6 5. O-O Nbd7 6. b3 Be7 7. Bb2 O-O 8.
Qc2 b6 9. d3 Bb7 10. e4 c5 11. e5 Ne8 12. Qe2 Nc7 13. Nc3 Re8 14. h4 Nf8
15. Bc1 f5 16. exf6 Bxf6 17. Bd2 e5 18. cxd5 Nxd5 19. Ne4 Ne6 20. Rfe1 Nd4
21. Nxd4 exd4 22. Qg4 Be5 23. Rac1 Rb8 24. a3 Ba6 25. Bg5 Qc8 26. Qxc8
Rbxc8 27. Nxc5 bxc5 28. Bxd5+ Kf8 29. Be4 h6 30. Bd2 Bd6 31. Bg6 Re7 32. h5
Rb8 33. Rxe7 Kxe7 34. b4 cxb4 35. axb4 Rc8 36. Re1+ Kf6 37. Re4 Rc2 38. Bf4
Bxb4 39. Be5+ Ke6 40. Bxg7+ 1-0

[Event "4th Kolkata Open"]
[Site "Kolkata IND"]
[Date "2009.09.10"]
[Round "10"]
[White "Le Quang Liem"]
[Black "Satyapragyan,S"]
[Result "1/2-1/2"]
[WhiteElo "2602"]
[BlackElo "2439"]
[EventDate "2009.09.01"]

1. d4 Nf6 2. Nf3 e6 3. c4 Bb4+ 4. Bd2 c5 5. e3 O-O 6. Be2 Bxd2+ 7. Qxd2 Ne4
8. Qc2 Qa5+ 9. Nbd2 Nxd2 10. Qxd2 Qxd2+ 11. Kxd2 b6 12. Rhd1 Bb7 13. Ke1 d6
14. Rd2 Nc6 15. dxc5 dxc5 16. Rd7 Ba6 17. Rad1 Rad8 18. b3 Rxd7 19. Rxd7
Rd8 20. Rc7 Rc8 21. Rd7 Rd8 1/2-1/2

[Event "4th Kolkata Open"]
[Site "Kolkata IND"]
[Date "2009.09.10"]
[Round "10"]
[White "Sandipan,C"]
[Black "Ganguly,S"]
[Result "1/2-1/2"]
[WhiteElo "2611"]
[BlackElo "2634"]
[EventDate "2009.09.01"]

1. e4 e5 2. Nf3 Nc6 3. Bb5 a6 4. Ba4 Nf6 5. O-O b5 6. Bb3 Bc5 7. a4 Rb8 8.
axb5 axb5 9. c3 d6 10. d4 Bb6 11. Qd3 O-O 12. Bg5 exd4 13. cxd4 h6 14. Bh4
g5 15. e5 gxh4 16. Qg6+ Kh8 17. Qxh6+ Nh7 18. Bc2 f5 19. exf6 Rf7 20. Ng5
Qxf6 21. Nxf7+ Qxf7 22. Bxh7 Qxh7 23. Qf8+ Qg8 24. Qh6+ 1/2-1/2

[Event "4th Kolkata Open"]
[Site "Kolkata IND"]
[Date "2009.09.10"]
[Round "10"]
[White "Ni Hua"]
[Black "Filippov,An UZB"]
[Result "0-1"]
[WhiteElo "2692"]
[BlackElo "2595"]
[EventDate "2009.09.01"]

1. d4 Nf6 2. c4 e6 3. Nf3 Bb4+ 4. Bd2 Qe7 5. g3 Nc6 6. Nc3 Bxc3 7. Bxc3 Ne4
8. Rc1 d6 9. Bg2 O-O 10. d5 Nxc3 11. Rxc3 Nb8 12. O-O e5 13. Nd2 Nd7 14. e4
a5 15. f4 Nc5 16. f5 f6 17. h4 Bd7 18. g4 b5 19. b3 b4 20. Rh3 a4 21. g5
fxg5 22. Qg4 gxh4 23. Rxh4 axb3 24. axb3 Ra2 25. Nf3 Qf6 26. Qh3 Nd3 27.
Qg4 Nf4 28. Rf2 Rxf2 29. Kxf2 Ra8 30. Bf1 Ra2+ 31. Kg1 Rb2 32. Ng5 h5 33.
Rxh5 Nxh5 34. Qxh5 Rxb3 35. Kf2 Rc3 36. c5 dxc5 37. Ba6 b3 38. Bc8 Bxc8 39.
Qe8+ Qf8 40. Qg6 Rh3 41. Nxh3 Qf7 42. Qc6 Bxf5 43. exf5 Qxf5+ 44. Kg3 b2
45. Qe8+ Kh7 46. Kh4 b1=Q 47. Ng5+ Qxg5+ 48. Kxg5 Qc1+ 49. Kf5 Qf4+ 50. Ke6
e4 51. Kd7 Qd6+ 52. Kc8 Qxd5 53. Qe7 c4 54. Qh4+ Kg8 55. Qh3 Qe5 56. Kb7
Qd5+ 57. Kxc7 Qe5+ 58. Kb7 c3 59. Qc8+ Kf7 60. Qc4+ Kg6 61. Kc6 Kf6 62.
Qf1+ Qf5 63. Qc1 Qe6+ 64. Kb7 Qd5+ 65. Kb6 Qd4+ 66. Kc6 e3 67. Qf1+ Ke7 68.
Qg2 Qe5 0-1

[Event "4th Kolkata Open"]
[Site "Kolkata IND"]
[Date "2009.09.10"]
[Round "10"]
[White "Short,N"]
[Black "Mchedlishvili,M"]
[Result "1-0"]
[WhiteElo "2706"]
[BlackElo "2613"]
[EventDate "2009.09.01"]

1. e4 c6 2. Ne2 d5 3. e5 c5 4. d4 Nc6 5. c3 cxd4 6. cxd4 Bg4 7. Nbc3 e6 8.
Be3 Nge7 9. f3 Bf5 10. g4 Bg6 11. Nf4 a6 12. Rc1 h5 13. Bg2 hxg4 14. fxg4
Bh7 15. O-O Ng6 16. Nfxd5 Nh4 17. Bh1 exd5 18. Nxd5 Bg6 19. Rxc6 bxc6 20.
Nf6+ gxf6 21. Bxc6+ Ke7 22. exf6+ Kd6 23. Qa4 Kc7 24. Rc1 Qd6 25. Bxa8+ Kb8
26. Qe8+ 1-0

[Event "4th Kolkata Open"]
[Site "Kolkata IND"]
[Date "2009.09.10"]
[Round "10"]
[White "Postny,E"]
[Black "Gopal,G"]
[Result "1/2-1/2"]
[WhiteElo "2651"]
[BlackElo "2598"]
[EventDate "2009.09.01"]

1. d4 Nf6 2. c4 g6 3. f3 d5 4. cxd5 Nxd5 5. e4 Nb6 6. Nc3 Bg7 7. Be3 O-O 8.
Qd2 Nc6 9. O-O-O f5 10. e5 Nb4 11. h4 Be6 12. a3 Na2+ 13. Nxa2 Bxa2 14. h5
c5 15. dxc5 Bb3 16. Qxd8 Rfxd8 17. Rd3 Rxd3 18. Bxd3 Nd5 19. Bf2 Bxe5 20.
hxg6 hxg6 21. Ne2 Nf4 22. Kd2 Nxd3 23. Kxd3 Bxb2 24. Rb1 Rd8+ 25. Nd4 Bxd4
26. Bxd4 e5 27. Rxb3 Rxd4+ 28. Ke3 Rd7 29. Rb5 Rc7 30. g4 Kf7 31. gxf5 gxf5
32. c6 b6 33. Rxe5 Rxc6 34. Rxf5+ Ke6 35. Rh5 Rc3+ 36. Ke4 Rc4+ 37. Ke3 Ra4
38. Rh6+ Kf5 39. Rh5+ Ke6 40. Rh6+ Kd5 41. Rh5+ Kc6 42. Rh6+ Kb5 43. Rh5+
Kc6 44. Rh6+ Kd5 45. Rh5+ Ke6 1/2-1/2

[Event "4th Kolkata Open"]
[Site "Kolkata IND"]
[Date "2009.09.10"]
[Round "10"]
[White "Laxman,R"]
[Black "Aleksandrov,A"]
[Result "0-1"]
[WhiteElo "2486"]
[BlackElo "2639"]
[EventDate "2009.09.01"]

1. Nf3 d5 2. d4 Nf6 3. c4 e6 4. Nc3 Nbd7 5. cxd5 exd5 6. Bg5 c6 7. e3 Bd6
8. Bd3 O-O 9. Qc2 h6 10. Bh4 b5 11. O-O Qb6 12. a4 b4 13. a5 Qc7 14. Na4
Ng4 15. h3 Nh2 16. Nxh2 Bxh2+ 17. Kh1 Bd6 18. Rfc1 Nb8 19. e4 g5 20. e5
gxh4 21. exd6 Qxd6 22. Qd2 Nd7 23. Qc2 Nb8 24. Qd2 Nd7 25. Re1 Rb8 26. Rac1
Kg7 27. Re3 b3 28. Bb1 Ba6 29. Rce1 Qf6 30. Re7 Rb7 31. Nc3 Qg5 32. f4 Qg3
33. Nd1 Kh8 34. Nf2 Nf6 35. Rxb7 Bxb7 36. Bf5 Bc8 37. Bxc8 Rxc8 38. Re3 Qg7
39. Rxb3 Rg8 40. Ng4 Ne4 41. Qe1 f5 42. Ne3 c5 43. dxc5 d4 44. Ng4 Nxc5 45.
Rb5 fxg4 46. Rxc5 gxh3 47. Rc2 d3 48. Rd2 hxg2+ 49. Kg1 Qd4+ 0-1

[Event "4th Kolkata Open"]
[Site "Kolkata IND"]
[Date "2009.09.10"]
[Round "10"]
[White "Safarli,E"]
[Black "Mamedov,Rau"]
[Result "1/2-1/2"]
[WhiteElo "2587"]
[BlackElo "2626"]
[EventDate "2009.09.01"]

1. e4 c5 2. Nf3 Nc6 3. Bb5 g6 4. c3 Nf6 5. Qe2 Bg7 6. O-O O-O 7. Rd1 d6 8.
d4 cxd4 9. cxd4 Bg4 10. Bxc6 bxc6 11. Nbd2 Qa5 12. h3 Bc8 13. b3 Ba6 14.
Qe3 Nd7 15. Bb2 Rac8 16. Bc3 Qb6 17. Rac1 Rfe8 18. Re1 e5 19. dxe5 Qxe3 20.
Rxe3 1/2-1/2

[Event "4th Kolkata Open"]
[Site "Kolkata IND"]
[Date "2009.09.10"]
[Round "10"]
[White "Tkachiev,V"]
[Black "Ismagambetov,An"]
[Result "1/2-1/2"]
[WhiteElo "2669"]
[BlackElo "2528"]
[EventDate "2009.09.01"]

1. d4 Nf6 2. c4 e6 3. Nf3 b6 4. g3 Bb7 5. Bg2 Be7 6. O-O O-O 7. Nc3 Ne4 8.
Nxe4 Bxe4 9. Ne1 Bxg2 10. Nxg2 d5 11. Qa4 dxc4 12. Qxc4 c5 13. dxc5 Bxc5
14. Be3 Nd7 15. Rfd1 Qe7 16. Rd2 Rac8 17. Qb5 Nf6 18. Rad1 Nd5 19. Bxc5
Rxc5 20. Qb3 Rfc8 21. Ne3 1/2-1/2

[Event "4th Kolkata Open"]
[Site "Kolkata IND"]
[Date "2009.09.10"]
[Round "10"]
[White "Khusnutdinov,R"]
[Black "Guseinov,G"]
[Result "1/2-1/2"]
[WhiteElo "2506"]
[BlackElo "2667"]
[EventDate "2009.09.01"]

1. g3 g6 2. Bg2 Bg7 3. d4 d6 4. e4 Nd7 5. Ne2 e5 6. Nbc3 Ngf6 7. O-O O-O 8.
h3 c6 9. a4 a5 10. Be3 Re8 11. Re1 Qc7 12. Qd2 Nb6 13. b3 d5 14. exd5 Nfxd5
15. Nxd5 Nxd5 16. Bh6 Bxh6 17. Qxh6 Nb4 18. Qd2 Bf5 19. Rac1 exd4 20. Nxd4
Rxe1+ 21. Qxe1 Qd7 22. Nxf5 Qxf5 23. Qe7 Rb8 24. h4 Na6 25. Bf1 Qc5 26. Qd7
Nb4 27. Bc4 Nd5 28. Re1 h5 29. Bxd5 Qxd5 30. Qc7 Qd8 31. Re7 Qd1+ 32. Kg2
Rf8 33. Qxa5 Qxc2 34. Qb4 b5 35. axb5 cxb5 36. Qxb5 Qc8 37. Qd5 Qc3 38. Re3
Qf6 39. Rf3 Qe7 40. Re3 Qc7 41. b4 Rd8 42. Qe4 Rb8 43. Rf3 Qd7 44. Rd3 Qa4
45. Rd4 Qb5 46. Qe7 Kg7 47. Qc5 Qb7+ 48. Kh2 Rc8 49. Qe5+ Kh7 50. Qd5 Qxd5
51. Rxd5 Rc2 52. Kg2 Rb2 53. Rb5 Rb3 54. Rb8 Kg7 55. b5 Kf6 56. b6 Kf5 57.
Kf1 Rb2 58. f3 Rb3 59. Ke2 Kf6 60. Kf2 Kf5 61. Ke2 Kf6 62. Kd2 Rxf3 63. Kc2
Rf2+ 64. Kc3 Rf1 65. Kc4 Rb1 66. Kc5 Kf5 67. Rd8 Rc1+ 68. Kd6 Rb1 69. Kc7
Kg4 70. b7 Kxg3 71. b8=Q Rxb8 72. Rxb8 Kxh4 73. Kd6 Kg3 74. Ke5 h4 75. Rb3+
Kg4 76. Rb4+ Kg3 77. Rb5 Kg4 78. Rb4+ 1/2-1/2

[Event "4th Kolkata Open"]
[Site "Kolkata IND"]
[Date "2009.09.10"]
[Round "10"]
[White "Lalith,B"]
[Black "Rahman,Zia"]
[Result "0-1"]
[WhiteElo "2477"]
[BlackElo "2554"]
[EventDate "2009.09.01"]

1. Nf3 b5 2. d4 Bb7 3. e3 a6 4. Nbd2 Nf6 5. c4 bxc4 6. Nxc4 e6 7. Be2 Be7
8. O-O O-O 9. b3 Ne4 10. Bb2 a5 11. Rc1 d5 12. Ncd2 Nxd2 13. Qxd2 Nd7 14.
Bb5 Ba6 15. Bxd7 Qxd7 16. Ne5 Qe8 17. Rfd1 Bd6 18. Nd3 a4 19. Nc5 axb3 20.
axb3 Bc8 21. e4 dxe4 22. Nxe4 Qe7 23. Nxd6 cxd6 24. d5 e5 25. Qb4 Ra2 26.
Ba3 Qa7 0-1

[Event "4th Kolkata Open"]
[Site "Kolkata IND"]
[Date "2009.09.10"]
[Round "10"]
[White "Himanshu,Sh"]
[Black "Markos,J"]
[Result "1/2-1/2"]
[WhiteElo "2471"]
[BlackElo "2565"]
[EventDate "2009.09.01"]

1. e4 c5 2. Nc3 Nc6 3. g3 e6 4. Bg2 Nge7 5. Nge2 d5 6. exd5 Nxd5 7. Nxd5
exd5 8. d4 Bg4 9. h3 Bh5 10. O-O cxd4 11. g4 Bg6 12. Nxd4 Be7 13. Nxc6 bxc6
14. c4 Be4 15. Bxe4 dxe4 16. Qxd8+ Rxd8 17. Re1 h5 18. g5 f5 19. gxf6 gxf6
20. Be3 a6 21. Bb6 Rg8+ 22. Kf1 Rd3 23. Rxe4 Rxh3 24. Ke2 Rg4 25. Rd4 Kf7
26. b3 Ke6 27. Rad1 f5 28. R4d3 Re4+ 29. Re3 h4 30. Rxe4+ fxe4 31. Rd4 Kf5
32. Rd7 Bg5 33. Rf7+ Kg4 34. Rg7 Kf5 35. Rf7+ Ke6 36. Rc7 Kd6 37. Rg7 Bf6
38. Rg6 Ke5 39. Bd4+ Kxd4 40. Rxf6 Rc3 41. Rxc6 Rc2+ 42. Kf1 Rxa2 43. Rh6
Ra3 44. Rb6 h3 45. Kg1 a5 46. Rb5 Ra1+ 47. Kh2 Ra2 48. Kxh3 Rxf2 49. Rd5+
Ke3 50. Rxa5 Kf4 51. Ra7 Rf3+ 52. Kg2 Rxb3 53. Kf2 Rb2+ 54. Ke1 Kf3 55.
Rf7+ Ke3 56. Kd1 Rd2+ 57. Kc1 Rd4 58. Rc7 Kf2 59. Kc2 e3 60. Rf7+ Ke2 61.
Kc3 Rd3+ 62. Kc2 Ra3 63. Kb2 Rd3 64. Kc2 Rd2+ 65. Kc3 Ke1 66. c5 e2 67. Kc4
Rd8 68. Re7 Kd2 69. c6 e1=R 1/2-1/2